书目信息 |
| 题名: |
OCLC联机与光盘编目概论
|
|
| 作者: | 刁维汉 著 | |
| 分册: | ||
| 出版信息: | 上海 华东师范大学出版社 1999 |
|
| 页数: | 222页 | |
| 开本: | 20cm | |
| 丛书名: | ||
| 单 册: | ||
| 中图分类: | G254.36 | |
| 科图分类: | ||
| 主题词: | 图书馆学 , 图书馆事业 | |
| 电子资源: | ||
| ISBN: | 7-5617-2101-3 | |
| 000 | 00600nam0 2200205 450 | |
| 001 | 0761338317 | |
| 005 | 20070704145311.48 | |
| 010 | @a7-5617-2101-3@dCNY10.00 | |
| 100 | @a20070702d1999 km y0chiy0120 ea | |
| 101 | 0 | @achi |
| 102 | @aCN@b310000 | |
| 200 | 1 | @aOCLC联机与光盘编目概论@AOCLC lian ji yu guang pan bian mu gai lun@f刁维汉等著@Fdiao wei han deng zhu |
| 210 | @a上海@c华东师范大学出版社@d1999 | |
| 215 | @a222页@d20cm | |
| 606 | 0 | @a图书馆学 |
| 606 | 0 | @a图书馆事业 |
| 690 | @aG254.36@v3 | |
| 701 | 0 | @a刁维汉@Adiao wei han@4著 |
| 801 | 0 | @aCN@bPFT@c20070704 |
| 905 | @a10447@dG254.36@e96 | |
| OCLC联机与光盘编目概论/刁维汉等著.-上海:华东师范大学出版社,1999 |
| 222页;20cm |
| ISBN 7-5617-2101-3:CNY10.00 |
| ● |
| 相关链接 |
|
|
|
|
正题名:OCLC联机与光盘编目概论
索取号:G254.36/96
 
预约/预借
| 序号 | 登录号 | 条形码 | 馆藏地/架位号 | 状态 | 备注 |
| 1 | 0764758 | 207647581 | 第一样本阅览室/ [索取号:G254.36/96] | 在馆 |